Intelligent life in the universe (Record no. 34935)

MARC details
000 -LEADER
fixed length control field 00298nam a2200121Ia 4500
082 ## - DEWEY DECIMAL CLASSIFICATION NUMBER
Classification number 523.2
Item number SHK
100 ## - MAIN ENTRY--AUTHOR NAME
Personal name Sagan, Carl
245 #0 - TITLE STATEMENT
Title Intelligent life in the universe
260 ## - PUBLICATION, DISTRIBUTION, ETC. (IMPRINT)
Place of publication London
Name of publisher Pan
Year of publication 1977
700 ## - ADDED ENTRY--PERSONAL NAME
Personal name Shklovskii, I S
942 ## - ADDED ENTRY ELEMENTS (KOHA)
Koha item type Books
Holdings
Withdrawn status Lost status Damaged status Not for loan Home library Current library Date acquired Cost, normal purchase price Full call number Accession Number Koha item type
        RRII Library RRII Library 16/12/2021 1.95 523.2 SHK 15362 Books